Report Writing today (Record no. 4014)

MARC details
000 -LEADER
fixed length control field 00390nam a22001697a 4500
005 - DATE AND TIME OF LATEST TRANSACTION
control field 20160625122908.0
008 - FIXED-LENGTH DATA ELEMENTS--GENERAL INFORMATION
fixed length control field 160625b xxu||||| |||| 00| 0 eng d
020 ## - INTERNATIONAL STANDARD BOOK NUMBER
ISBN 81-7473-029-X
041 ## - LANGUAGE CODE
Language code of text/sound track or separate title eng
082 ## - DEWEY DECIMAL CLASSIFICATION NUMBER
Item number 10201
100 ## - MAIN ENTRY--AUTHOR NAME
Personal name Peordan, Pauley
245 ## - TITLE STATEMENT
Title Report Writing today
260 ## - PUBLICATION, DISTRIBUTION, ETC. (IMPRINT)
Name of publisher AITBS
Year of publication 2004
300 ## - PHYSICAL DESCRIPTION
Number of Pages 444
650 ## - SUBJECT ADDED ENTRY--TOPICAL TERM
Topical Term Mass Communication
942 ## - ADDED ENTRY ELEMENTS (KOHA)
Koha item type Books
Holdings
Lost status Damaged status Home library Current library Shelving location Date acquired Cost, normal purchase price Full call number Accession Number Koha item type
    JRU Library   SHELF-32-H 25/06/2016 175.00 10201 10201 Books
    JRU Library   SHELF-32-H 25/06/2016 175.00 10201 10202 Books
    JRU Library   SHELF-32-H 25/06/2016 175.00 10201 10203 Books